Bharatiya natya sastra ki parampara evam vishva rangamanch/ (Record no. 5068)

000 -LEADER
fixed length control field 00476nam a22001811a 4500
020 ## - INTERNATIONAL STANDARD BOOK NUMBER
ISBN 9788185268811
082 ## - DEWEY DECIMAL CLASSIFICATION NUMBER
Classification number H 792.809 54
Item number RAD/B
100 ## - MAIN ENTRY--AUTHOR NAME
Personal name Radha Vallabh Thripati
245 ## - TITLE STATEMENT
Title Bharatiya natya sastra ki parampara evam vishva rangamanch/
Statement of responsibility, etc by Radha Vallabh Thripati
260 ## - PUBLICATION, DISTRIBUTION, ETC. (IMPRINT)
Place of publication Delhi:
Name of publisher Pratibha,
Year of publication 1998.
300 ## - PHYSICAL DESCRIPTION
Number of Pages 237p.
650 ## - SUBJECT ADDED ENTRY--TOPICAL TERM
Topical Term Natyasastra Study
650 ## - SUBJECT ADDED ENTRY--TOPICAL TERM
Topical Term Natyasastra
650 ## - SUBJECT ADDED ENTRY--TOPICAL TERM
Topical Term Dance India
650 ## - SUBJECT ADDED ENTRY--TOPICAL TERM
Topical Term Dance
650 ## - SUBJECT ADDED ENTRY--TOPICAL TERM
Topical Term Arts
942 ## - ADDED ENTRY ELEMENTS (KOHA)
Koha item type Book
Holdings
Withdrawn status Lost status Damaged status Not for loan Permanent Location Current Location Date acquired Cost, normal purchase price Full call number Accession Number Cost, replacement price Price effective from Koha item type
        Sree Sankaracharya University of Sanskrit Sree Sankaracharya University of Sanskrit 08.01.2015 350.00 H 792.809 54 RAD/B 012789 0.00 08.01.2015 Book
        Sree Sankaracharya University of Sanskrit Sree Sankaracharya University of Sanskrit 08.01.2015 350.00 H 792.809 54 RAD/B 036510 0.00 08.01.2015 Book